| 000 | 01301nam a2200361 c 4500 | ||
|---|---|---|---|
| 003 | BLK | ||
| 005 | 20180422104728.0 | ||
| 008 | 180408b bul|||||r ||||||| ||bul|| | ||
| 010 | _aKNG00096847000 | ||
| 020 |
_a978-954-761-415-4 _bиздат.: ИнфоДар |
||
| 040 | _aBLK | ||
| 041 |
_aBUL _cBUL |
||
| 072 | 7 |
_2bullib _aН83 _xЧужда художествена литература Н |
|
| 080 |
_aАмериканска литература (на САЩ) _b821.111(73) _x-31 _z821.111(73)-31 |
||
| 100 | 1 |
_aРайс, Ан _eпърви автор _9250248 |
|
| 700 | 1 |
_aПавлова, Александра _eпрев. _9370406 |
|
| 139 |
_aРайс, Ан _bР 28 |
||
| 245 | 1 | 0 |
_aПандора _bРоман _cАн Райс; прев. Александра Павлова. |
| 250 | _a2. изд. | ||
| 257 | _aUSA | ||
| 260 |
_аСофия _bИнфоДар _c2009 |
||
| 300 |
_a339 с. _c20 см |
||
| 380 | _aX | ||
| 490 | 1 |
_aНови истории за вампирите _vКн. 1 |
|
| 500 | _a1. изд. 2005. - Ориг. загл. Pandora / Anne O'Brien Rice. | ||
| 653 | _aвампири | ||
| 659 | _aН | ||
| 852 | _aЦб 248751 | ||
| 856 | 4 |
_qpdf _u |
|
| 856 | 4 |
_qpdf _u |
|
| 942 |
_cKNG _n0 |
||
| 944 |
_aCR _c08.09.2010 _kМилена_Ачева |
||
| 944 |
_aED _c07.03.2016 _kЛюдмила_Стоянова |
||
| 999 |
_c92076 _d92076 |
||